00252nam a22000977a 4500008004100000020001800041100001800059245001700077260005200094300000800146260530b |||||||| |||| 00| 0 eng d a9789381275153 aChor, Prahlad aAvayavasarah aBangalorebPoorna Prajna Samshodhan Trustc2012 a58p